000
00338nam a22001457a 4500
008
210514b ||||| |||| 00| 0 eng d
020
_a
9780538636650
041
_a
eng
080
_2
7th
_a
159.9
082
_a
159.9
100
_a
48
101
_a
PSI
245
_a
Personality Development for Work
_c
Harold R. Wallace
942
_2
udc
_c
BK
999
_c
57350
_d
57350